| 000 | 00880nam a2200265Ia 4500 | ||
|---|---|---|---|
| 999 |
_c56488 _d56488 |
||
| 001 | 23601 | ||
| 003 | GE_BSU | ||
| 005 | 20191007161328.0 | ||
| 008 | 181216s||||||||xx |||||||||||||| ||und|| | ||
| 020 | _a9783836556316 | ||
| 040 | _cGE_BSU | ||
| 080 | _a72 | ||
| 245 |
_aModern Architecture A-Z / _cEdited by : Aurelia & Balthazar Taschen. with text by Katja Gazey, Peter Gossel and others. |
||
| 260 |
_cNew York : _aTaschen, _b2016 |
||
| 300 | _a694 p. 24cm. ill. | ||
| 300 | _eIndex p.: 684-693 | ||
| 541 | _h70 Gel. | ||
| 653 | _aModern Architecture A-Z | ||
| 653 | _aАрхитектура | ||
| 653 | _aარქიტექტურა | ||
| 700 |
_aTaschen, Aurelia & Balthazar. _eრედაქტორი _94592 |
||
| 700 |
_aGazey, Katja _eრედაქტორი _94593 |
||
| 700 |
_aGossel, Peter _eრედაქტორი _94594 |
||
| 942 |
_cBK _2udc |
||